008490000a22001930004500090001400000245013100014650003600145650004600181650003400227651004800261041001400309700002900323700003600352100003400388942001300422773004500435999001700480952015800497 aARb0278710aAnálisis regional de la cobertura vegetal y la transformación historica de los paisajes en le norte de Boyaca ()14aSistemas de producción99225214aFragmentación de los ecosistemas99621214aEcología del paisaje992227 4lRío ChicamochadBoyacápColombia9927490 aEspañol1 aEtter R, Andrés9107651 aBaptiste, Luis Guillermo9751911 aVilla D., Luis Alberto996180 cARTICULO1 tSimposio de Ambiente31321q59-68d1994? c11848d11848 001040718HEMEROTECAaBogotabBogotad2015-02-27hFuera de circulaciónl0oAR 02787p013199r2015-03-25 00:00:00t1w2015-03-25xDonaciónyARTICULO